MELO Song Lyrics - Statistics

General Stats
  • This quiz has been taken 37 times
  • The average score is 13 of 17
Answer Stats
Lyric Song % Correct
Mul on hyvii kukkakuvioit / Nopee raha aina motivoi Marimekko
100%
Enkä mä pysty kyl ikin' unohtaa / Ennen ne feidas mut nyt ne jonottaa / Katto ku roskaa ku puskin Corollaa / Sillo ei hollanu, nykyään follaa Crunch Time
91%
Eikä se paalukaan ratkase kaikkii sun ongelmii / Niin paljon kärsimyst, mut se on toisille kontenttii e
91%
Enkä mä ees oikeest tiiä mitä mä ees etsin / Merkkivaatteita ja merkityksetöntä seksii Viaton
91%
Ei kerkee lepää, e-e-ei oo aikaa itkee enää / E-e-ei oo ketään ketä hidastais ku koitan voittoi kerää Volkswagen
91%
Mä-mä-mä haluun mesen Toyota ajat / On jo mun takan 350 CLS, niinku Gettomasal 1999Corolla
87%
Kato mun sauce, ku suoraan kauhasta (Sauce) / Ota aikas ja kato vaa iha rauhassa SLÄTTERIN
87%
Ja mä tiiän, joo, mä tiiän / Kaikki, jotka sanoo et mul ei riitä / Niit ärsyttää, mut mitä siitä? / Mitä siitä? Tien Pääl
87%
Miten voit vannoo rakkautta, mut vihaat undercover? / Mut jos sust oikeest tuntuu silt nii anna palaa Ihasama
83%
Ei oltu frendei eilen, ei olla vielkään / Nyt ku mä oon ylhääl, haluut aikaa viettää Pisto
70%
Lifestyle rockstar, mä en vastaa / Sulaudun massaan, se on tylsää, mä en jaksa ching* ching*
65%
Mä en oo pakottanu ketään musta tykkäämään / Ne laittaa likaa mun nimeen, mä alan pyykkäämään Hymypoika
61%
Kaikki on mad, siitä et sä oot tääl / Oh well, fuck them, ei ne ymmärrä Rakettiryhmä
61%
Enää et oo, enää et oo ketään / En mää kato, enää kato perään / Ei tää tyttö, ei tää enää herää / Lepää rauhas, lepää, lepää RIP
61%
Miten sä voit vihaa, kun mä kehityn ku Pikachu? / Mun tähtäimes on rikastuu ja se on täällä vihattuu SICKBOY
61%
Kledei, klädei, stifloi, käteist / Jengi tuo mulle unelmia juttisäkeist Kaikki
57%
Vihanen siit et oot lojaali / Oon hukannu kaiken mun moraalin Sä Murskaat Mun Koko Kallon
48%
No matching quizzes found
Score Distribution
Percent of People with Each Score
Percentile by Number Answered
Your Score History
You have not taken this quiz